00377nam a2200109Ia 4500008004100000245009400041260003500135260000900170300000900179650001300188856006600201170516s9999 xx 000 0 und d 2aA Review on Cryoprotectant and its Modern Implication in Cryonics Mr. Sankha Bhattacharya bAsian Journal of Pharmaceutics c2016 a10:3 xPharmacy uhttp://www.asiapharmaceutics.info/index.php/ajp/issue/view/63